| 000 | 01173cab a2200205 4500 | ||
|---|---|---|---|
| 001 | ##L134353 | ||
| 008 | 060728n2006 000 0 eng u | ||
| 035 | _a(Sirsi) u134353 | ||
| 041 | 0 | _aeng | |
| 110 | 1 |
_aUnited Kingdom _bDepartment for Environment, Food and Rural Affairs |
|
| 245 | 0 | 0 | _aDelay in programme for coastal access |
| 260 | _c2006 | ||
| 490 | 0 |
_aDEFRA News Release _v(337/06) 18 July 2006 |
|
| 520 | _aWork on ways to improve access to the English coast, an early priority for Labour's third term according to the government 2005 rural manifesto, has been delayed. In the light of Natural England assuming responsibility from the Countryside Agency in this area in October 2006, the Natural England Board has been asked to come forward with recommendations on coastal access before the end of December 2006 with a view to a public consultation in early 2007. | ||
| 590 | _aIKA010806 | ||
| 651 | 4 |
_aEngland _y886- |
|
| 690 | _aPROPERTY-RURAL AND NATURAL ASSETS-RURAL AND NATURAL ASSET MANAGEMENT-COASTAL MANAGEMENT | ||
| 856 | 4 | 0 |
_uhttps://www.defra.gov.uk/news/2006/060718e.htm _zView the news release free of charge at www.defra.gov.uk... |
| 942 | _n0 | ||
| 999 |
_c77473 _d77473 |
||